000 00448nam a22001457a 4500
008 240611b |||||||| |||| 00| 0 eng d
020 _a0312097239.
050 _aJV8490.M54 1994.
100 _aBrown Judith M.
_952861
245 _aMigration;
_bThe Asian experience,
_c1994.
260 _aGreat Britain:
_bSt. Martin;s Press,
_c1994.
300 _axi;
_b262p,
_c22cm.
650 _aAsia;
_vemigration and imigration.
_952862
942 _2lcc
_cMONOGRAPH
999 _c131946
_d131946